| 000 | 00000nam 2200000zi 4500 |
| 001 | 9.949114 |
| 003 | CaOODSP |
| 005 | 20250821153148 |
| 006 | m o d f |
| 007 | cr |n||||||||| |
| 008 | 250314e202504 onc o f000 0 fre d |
| 020 | |a9780660764153 |
| 040 | |aCaOODSP|bfre|erda|cCaOODSP |
| 043 | |an-cn--- |
| 086 | 1 |aPS4-334/3-2025F-PDF |
| 245 | 00|aDes façons de protéger l'identité d'un demandeur. |
| 264 | 1|a[Ottawa] : |bSécurité publique Canada = Public Safety Canada,|cavril 2025. |
| 264 | 4|c©2025 |
| 300 | |a1 ressource en ligne (2 pages non numérotées) |
| 336 | |atexte|btxt|2rdacontent/fre |
| 337 | |ainformatique|bc|2rdamedia/fre |
| 338 | |aressource en ligne|bcr|2rdacarrier/fre |
| 500 | |aPublié aussi en anglais sous le titre : Ways to protect a red flag applicant's identity. |
| 650 | 6|aArmes à feu|xDroit|zCanada. |
| 710 | 1 |aCanada. |bSécurité publique Canada, |eorganisme de publication. |
| 775 | 08|tWays to protect a red flag applicant's identity.|w(CaOODSP)9.949113 |
| 856 | 40|qPDF|s200 Ko|uhttps://publications.gc.ca/collections/collection_2025/sp-ps/PS4-334-3-2025-fra.pdf |
| 856 | 4 |qHTML|sS.O.|uhttps://www.securitepublique.gc.ca/cnt/rsrcs/pblctns/rd-flg-prtctn/index-fr.aspx |